Rhythm & sound! : (Record no. 19768)
[ view plain ]
| 000 -LEADER | |
|---|---|
| fixed length control field | 00377nam a22001217a 4500 |
| 008 - FIXED-LENGTH DATA ELEMENTS--GENERAL INFORMATION | |
| fixed length control field | 240320b ||||| |||| 00| 0 eng d |
| 082 ## - DEWEY DECIMAL CLASSIFICATION NUMBER | |
| Classification number | DC 781.224 |
| Item number | Rh34 2004 |
| 245 ## - TITLE STATEMENT | |
| Title | Rhythm & sound! : |
| Remainder of title | using music to inspire collaboration. |
| 260 ## - PUBLICATION, DISTRIBUTION, ETC. (IMPRINT) | |
| Place of publication, distribution, etc. | [USA?] : |
| Name of publisher, distributor, etc. | One World Music, |
| Date of publication, distribution, etc. | ©2004. |
| 300 ## - PHYSICAL DESCRIPTION | |
| Extent | 72 pages : |
| Other physical details | illustrations ; |
| Dimensions | 21 cm. |
| 650 ## - SUBJECT ADDED ENTRY--TOPICAL TERM | |
| Topical term or geographic name as entry element | Music. |
| 9 (RLIN) | 55050 |
| 942 ## - ADDED ENTRY ELEMENTS (KOHA) | |
| Source of classification or shelving scheme | Dewey Decimal Classification |
| Koha item type | Circulation |
| Withdrawn status | Lost status | Source of classification or shelving scheme | Damaged status | Not for loan | Collection code | Home library | Current library | Date acquired | Total Checkouts | Full call number | Barcode | Date last seen | Price effective from | Koha item type |
|---|---|---|---|---|---|---|---|---|---|---|---|---|---|---|
| Dewey Decimal Classification | Circulation | UM Digos College - LIC | UM Digos College - LIC | 04/21/2006 | DC 781.224 Rh34 2004 | 18488 | 05/15/2025 | 03/20/2024 | Circulation |
